Państwa Europy według dwóch pierwszych liter - 20 sekund - Statystyki

Ogólne statystyki
  • Ten quiz został rozwiązany 605 razy
  • Średni wynik to 18 z 45
Odpowiedzi na mapie
Odpowiedzi zakodowano w zielono-czerwonej skali na mapie do tego quizu, zgodnie z poniższymi procentami.
 
Statystyki odpowiedzi
Państwo % Poprawnych
Polska
92%
Portugalia
92%
Holandia
78%
Niemcy
75%
Szwajcaria
74%
Szwecja
74%
Wielka Brytania
69%
Francja
65%
Rosja
65%
Norwegia
62%
Islandia
60%
Hiszpania
59%
Irlandia
57%
Finlandia
51%
Liechtenstein
51%
Litwa
51%
Ukraina
47%
Włochy
47%
Lotwa
38%
Białoruś
35%
Estonia
34%
Belgia
33%
Czarnogóra
32%
Czechy
32%
Andora
30%
Mołdawia
27%
Monako
27%
Dania
26%
Rumunia
26%
Watykan
24%
Słowenia
22%
Słowacja
21%
Austria
19%
Luksemburg
19%
San Marino
18%
Macedonia Północna
17%
Malta
17%
Bułgaria
16%
Grecja
16%
Albania
14%
Chorwacja
13%
Węgry
13%
Serbia
11%
Kosowo
7%
Bośnia i Hercegowina
6%
Nie znaleziono quizów pasujących do podanych kryteriów
Rozkład punktacji
Procent ludzi z każdym wynikiem
Percentyl według liczby udzielonych odpowiedzi
Twoja historia wyników
Nie rozwiązałeś tego quizu